|
|
|
|
| LEADER |
01657nam a2200385Ia 4500 |
| 001 |
EBC312266 |
| 003 |
MiAaPQ |
| 005 |
20200520144314.0 |
| 006 |
m o d | |
| 007 |
cr cn||||||||| |
| 008 |
070502s2007 si a sb 101 0 eng d |
| 020 |
|
|
|z 9812567046
|
| 020 |
|
|
|z 9789812567048
|
| 035 |
|
|
|a (MiAaPQ)EBC312266
|
| 035 |
|
|
|a (Au-PeEL)EBL312266
|
| 035 |
|
|
|a (CaPaEBR)ebr10188737
|
| 035 |
|
|
|a (CaONFJC)MIL112084
|
| 035 |
|
|
|a (OCoLC)476099300
|
| 040 |
|
|
|a MiAaPQ
|c MiAaPQ
|d MiAaPQ
|
| 050 |
|
4 |
|a QA274.A1
|b I58 2005
|
| 111 |
2 |
|
|a International Workshop on Recent Advances in Stochastic Operations Research.
|
| 245 |
1 |
0 |
|a Recent advances in stochastic operations research
|h [electronic resource] /
|c editors, Tadashi Dohi, Shunji Osaki, Katsushige Sawaki.
|
| 260 |
|
|
|a Singapore ;
|a Hackensack, NJ :
|b World Scientific,
|c c2007.
|
| 300 |
|
|
|a xi, 310 p. :
|b ill.
|
| 500 |
|
|
|a "The International Workshop on Recent Advances in Stochastic Operations Research (2005 RASOR Canmore) was held in Canmore, Alberta, Canada, on August 25-26, 2005."--P. v.
|
| 504 |
|
|
|a Includes bibliographical references and index.
|
| 533 |
|
|
|a Electronic reproduction. Ann Arbor, MI : ProQuest, 2015. Available via World Wide Web. Access may be limited to ProQuest affiliated libraries.
|
| 650 |
|
0 |
|a Stochastic models
|v Congresses.
|
| 650 |
|
0 |
|a Operations research
|x Mathematical models
|v Congresses.
|
| 655 |
|
4 |
|a Electronic books.
|
| 700 |
1 |
|
|a Dohi, Tadashi.
|
| 700 |
1 |
|
|a Osaki, Shunji.
|
| 700 |
1 |
|
|a Sawaki, Katsushige.
|
| 710 |
2 |
|
|a ProQuest (Firm)
|
| 856 |
4 |
0 |
|u https://ebookcentral.proquest.com/lib/matrademy/detail.action?docID=312266
|z Click to View
|